<?xml version="1.0" encoding="UTF-8"?>
<record
    xmlns:xsi="http://www.w3.org/2001/XMLSchema-instance"
    xsi:schemaLocation="http://www.loc.gov/MARC21/slim http://www.loc.gov/standards/marcxml/schema/MARC21slim.xsd"
    xmlns="http://www.loc.gov/MARC21/slim">

  <leader>00790nam a22001337a 4500</leader>
  <datafield tag="999" ind1=" " ind2=" ">
    <subfield code="c">533812</subfield>
    <subfield code="d">533812</subfield>
  </datafield>
  <controlfield tag="008">260630b           ||||| |||| 00| 0 eng d</controlfield>
  <datafield tag="100" ind1=" " ind2=" ">
    <subfield code="a">Ansary, Sahil and Sahu, Mili   </subfield>
    <subfield code="9">61444</subfield>
  </datafield>
  <datafield tag="245" ind1=" " ind2=" ">
    <subfield code="a">Trade to strategy: Critical minerals and India-EU &#x2018;Mother of all deals&#x2019;</subfield>
  </datafield>
  <datafield tag="260" ind1=" " ind2=" ">
    <subfield code="a">Third Concept  </subfield>
  </datafield>
  <datafield tag="300" ind1=" " ind2=" ">
    <subfield code="a">40(472), Jun, 2026: p.7-11</subfield>
  </datafield>
  <datafield tag="520" ind1=" " ind2=" ">
    <subfield code="a"> This article examines the transformation of India-European union (EU) relations from a trade citric framework to a strategic economic partnership, with critical minerals at its core. It argues that disruptions coursed by the Covid-19 pandemic, the Ukraine war, and supply chain vulnerabilities have elevated critical minerals as key instruments of geo-economics statecraft. &#x2013; Reproduced </subfield>
  </datafield>
  <datafield tag="773" ind1=" " ind2=" ">
    <subfield code="a">Third Concept  </subfield>
  </datafield>
  <datafield tag="942" ind1=" " ind2=" ">
    <subfield code="c">AR</subfield>
  </datafield>
  <datafield tag="952" ind1=" " ind2=" ">
    <subfield code="0">0</subfield>
    <subfield code="1">0</subfield>
    <subfield code="2">ddc</subfield>
    <subfield code="4">0</subfield>
    <subfield code="7">0</subfield>
    <subfield code="9">408992</subfield>
    <subfield code="a">IIPA</subfield>
    <subfield code="b">IIPA</subfield>
    <subfield code="d">2026-06-30</subfield>
    <subfield code="h">40(472), Jun, 2026: p.7-11</subfield>
    <subfield code="p">AR139274</subfield>
    <subfield code="r">2026-06-30</subfield>
    <subfield code="y">AR</subfield>
  </datafield>
</record>
